Maiores Cidades do Interior de Pernambuco - Statistics

Estatísticas Gerais
  • Esse quiz foi jogado 18 vezes
  • A pontuação média é 10 de 24
Estatísticas das Respostas
População Cidade % Correto
405.408 Caruaru
93%
418.444 Petrolina
93%
65.946 Salgueiro
73%
151.803 Garanhuns
67%
90.504 Araripina
60%
98.816 Serra Talhada
60%
92.429 Gravatá
53%
104.854 Santa Cruz do Capibaribe
53%
144.243 Vitória de Santo Antão
53%
83.482 Carpina
47%
65.007 Bezerros
40%
68.489 Ouricuri
40%
82.487 Arcoverde
33%
65.481 Pesqueira
33%
84.033 Belo Jardim
27%
62.174 Escada
27%
85.497 Goiana
27%
51.165 São Bento do Una
27%
67.821 Surubim
27%
51.308 Brejo da Madre de Deus
20%
53.489 Buíque
20%
56.475 Palmares
20%
59.924 Paudalho
20%
59.236 Limoeiro
13%
Nenhum quiz correspondente encontrado
Distribuição das Pontuações
Porcentagem de Pessoas com Cada Pontuação
Percentil de Números Respondidos
Sua Pontuação Histórica
Você não jogou esse quiz